00523nam a2200145Ia 4500008004100000020001800041041000800059082002600067100002400093245002500117260004200142300000900184999001900193952016500212230411s9999 xx 000 0 und d a0-06-091491-2 aeng aMS/616.992/LAS/B01873 aLaszlo John9177077 aUnderstanding Cancer bHarper row publishersaNew Yorkc1987 a384p c153114d153114 001040708MSaBTINbBTINd2004-07-27eDeccan Book Stall /g115.00l0oMS 616.992 LAS B01873pBTIN-BK-1873r2023-04-11 00:00:00v115.00w2004-07-27yBKzB01873